| 000 | 01195nmm a2200337 a 4500 | ||
|---|---|---|---|
| 001 | ocm0002347779 | ||
| 003 | TR-IsHL | ||
| 005 | 20201028190316.0 | ||
| 008 | 191224s2019 tu tur | ||
| 007 | cr cn | ||
| 020 | _a9786052118351 | ||
| 035 |
_a2347779 _b(N$T) |
||
| 050 | 0 | 4 |
_aQA76.73.C15 _bS89 2019 |
| 090 | 0 | 4 |
_aQA76.73.C15 _bS89 2019 |
| 100 | 1 | _aSüzen, Ahmet Ali | |
| 245 | 1 | 0 |
_aC# Çözümlü soru bankası _h[electronic resource] / _cAhmet Ali Süzen ; Dr. Kıyas Kayaalp, Mehmet Ali Şimşek ; yayına hazırlık Hüseyin Üstünel, Merve Nur Şengül |
| 250 | _a1. Baskı | ||
| 260 |
_aİstanbul : _bKODLAB Yayın Dağıtım, _c2019 |
||
| 300 | _a334 p. | ||
| 650 | 4 | _aMühendislik ve Teknoloji | |
| 650 | 4 | _aEngineering and Technology | |
| 650 | 0 | _aBilgisayar eğitim | |
| 650 | 0 | _aC # (Bilgisayar program dili) | |
| 650 | 0 | _aC# (Computer program language) | |
| 650 | 7 |
_aCOMPUTERS / Languages / C# _2bisacsh |
|
| 700 | 1 | _aKayaalp, Kıyas | |
| 700 | 1 | _aŞimşek, Mehmet Ali | |
| 700 | 1 | _aÜstünel, Hüseyin | |
| 700 | 1 | _aŞengül, Merve Nur | |
| 856 | 4 | 0 | _uhttp://search.ebscohost.com/login.aspx?direct=true&scope=site&db=e011xww&AN=2347779 |
| 999 |
_c21860 _d21860 |
||